K storočnici tabakových výrobkov v Spišskej Belej

Bibliographic Details
Main Author: Dúbravský, František (Author)
Format: Article
Language:Slovak
PhysicalDescription:Fotogr.
Subjects:

MARC

LEADER 00000nab a2200000 ar4500
001 vtls009008670
003 SK-MaSNL
005 20260303065527.0
008 070723|2007 xo er|p|||||||000 b|slo
015 |a SNBRA2007/05 
038 |a PPPK 
040 |a PPPKCL  |b slo  |c PPPKCL  |e AACR2 
041 0 |a slo 
044 |a xo  |c SK 
080 |a 663.971  |x (437.6)  |x (091)  |2 1997 
100 1 |a Dúbravský, František  |4 aut  |9 1065700 
245 1 0 |a K storočnici tabakových výrobkov v Spišskej Belej  |c František Dúbravský 
300 |b Fotogr. 
648 7 |a od r. 1898  |2 pppkcl  |9 1065701 
650 0 7 |a tabakové výrobky  |2 pppkcl  |9 4250 
650 0 7 |a tabakový priemysel  |2 pppkcl  |9 4251 
651 7 |a Spišská Belá (Slovensko)  |2 pppkcl  |9 16198 
773 0 |t Z minulosti Spišskej Belej. Ročenka mesta Spišská Belá. III. ročník  |d Spišská Belá : Mestský úrad ; Levoča : Spišský dejepisný spolok, 1997  |g S. 30-33 
852 |a PPPK  |b KIS3GCP 
999 |c 1751567  |d 1753497